[Event "6. OPEN International Ch of Vojvodina 20"]
[Site "Novi Sad"]
[Date "2015.07.29"]
[Round "7.2"]
[White "Atalik, Suat"]
[Black "Nadj Hedjesi, Balind"]
[Result "1-0"]
[WhiteElo "2564"]
[BlackElo "2410"]
[PlyCount "83"]
[EventDate "2015.07.25"]

1. Nf3 b6 2. g3 Bb7 3. Bg2 Nf6 4. O-O c5 5. c4 e6 6. Nc3 a6 7. Re1 Be7 8. e4 d6
9. d4 cxd4 10. Nxd4 Ra7 11. f4 O-O 12. f5 e5 13. Nb3 Nbd7 14. Be3 Qa8 15. Nd5
Bxd5 16. cxd5 Rc7 17. Qe2 Nc5 18. Rac1 a5 19. Nd2 Rfc8 20. Bf3 b5 21. b3 Qb7
22. h4 Nfd7 23. Qf1 Bd8 24. Be2 Nf6 25. Bxb5 Ng4 26. Bf2 Nxf2 27. Kxf2 g6 28.
fxg6 fxg6 29. Kg2 g5 30. h5 g4 31. Bc6 Qb4 32. Qe2 Bg5 33. Red1 Bxd2 34. Rc4
Qb8 35. Qxd2 Rf8 36. Rxc5 dxc5 37. d6 Rg7 38. h6 Rg6 39. Qd5+ Kh8 40. Qxe5+
Rff6 41. Rd5 Kg8 42. Qe8+ 1-0

[Event "6. OPEN International Ch of Vojvodina 20"]
[Site "Novi Sad"]
[Date "2015.07.29"]
[Round "7.3"]
[White "Lajthajm, Borko"]
[Black "Lukovic, Vladimir"]
[Result "0-1"]
[WhiteElo "2443"]
[BlackElo "2417"]
[PlyCount "74"]
[EventDate "2015.07.25"]

1. Nf3 d5 2. c4 c6 3. e3 Nf6 4. b4 g6 5. Bb2 Bg7 6. Nc3 O-O 7. Qb3 Re8 8. d4
Bg4 9. a4 Bxf3 10. gxf3 e6 11. Be2 Nbd7 12. a5 e5 13. cxd5 exd4 14. dxc6 bxc6
15. exd4 Nd5 16. Nxd5 cxd5 17. Kf1 Qh4 18. h3 Nf8 19. Bb5 Rec8 20. Ba6 Rc7 21.
Rd1 Ne6 22. b5 Rb8 23. Rh2 Bxd4 24. Bxd4 Nxd4 25. Qxd5 Qf4 26. Rh1 Nxf3 27. Qd6
Qc4+ 28. Rd3 Re8 29. b6 Re1+ 30. Kg2 Nh4+ 31. Kg3 Nf5+ 32. Kh2 Rxh1+ 33. Kxh1
Qc1+ 34. Kg2 Nxd6 35. Rxd6 Re7 36. b7 Rxb7 37. Bxb7 Qc7 0-1

[Event "6. OPEN International Ch of Vojvodina 20"]
[Site "Novi Sad"]
[Date "2015.07.29"]
[Round "7.4"]
[White "Saric, Sinisa"]
[Black "Radovanovic, Mihajlo"]
[Result "1-0"]
[WhiteElo "2420"]
[BlackElo "2245"]
[PlyCount "83"]
[EventDate "2015.07.25"]

1. d4 d6 2. Nf3 Nf6 3. c4 g6 4. Nc3 Bg7 5. e4 O-O 6. Be2 e5 7. d5 Na6 8. Nd2 h5
9. Nb3 c5 10. dxc6 bxc6 11. O-O Nc7 12. Na5 c5 13. a3 Ne6 14. b4 Nd4 15. Bg5
Be6 16. Rb1 Qc7 17. Bd3 Rab8 18. Qd2 a6 19. Rfc1 Qd7 20. Nd5 Bxd5 21. cxd5 Qg4
22. Qe3 h4 23. h3 Qh5 24. Qd2 cxb4 25. axb4 Rbc8 26. Nc6 Kh7 27. Kh1 Rc7 28.
Nxd4 Rxc1+ 29. Rxc1 exd4 30. Bf4 Re8 31. f3 Nd7 32. Bxa6 Ne5 33. Bc8 Nxf3 34.
Qe2 Qxd5 35. exd5 Rxe2 36. gxf3 d3 37. Rd1 Rb2 38. Rxd3 Rxb4 39. Bxd6 Rb1+ 40.
Kg2 Rb2+ 41. Kf1 Bh6 42. f4 1-0

[Event "6. OPEN International Ch of Vojvodina 20"]
[Site "Novi Sad"]
[Date "2015.07.29"]
[Round "7.5"]
[White "Martic, Ivan"]
[Black "Radovanovic, Nikola"]
[Result "0-1"]
[WhiteElo "2383"]
[BlackElo "2420"]
[PlyCount "72"]
[EventDate "2015.07.25"]

1. e4 c5 2. Nf3 e6 3. d4 cxd4 4. Nxd4 Nf6 5. Nc3 d6 6. g4 h6 7. h4 Nc6 8. Rg1
h5 9. gxh5 Nxh5 10. Bg5 Nf6 11. Be2 Qb6 12. Nb3 a6 13. h5 Qc7 14. Qd2 Nxh5 15.
Rh1 g6 16. O-O-O Bd7 17. Kb1 Rc8 18. f4 b5 19. Bf3 Bg7 20. e5 dxe5 21. Bxh5
Rxh5 22. Rxh5 gxh5 23. Ne4 Nd4 24. Nxd4 exd4 25. Nf6+ Bxf6 26. Bxf6 Bc6 27. Be5
Qe7 28. Rg1 Bd5 29. Bxd4 Kd7 30. b3 h4 31. f5 h3 32. fxe6+ Qxe6 33. Re1 Qxe1+
34. Qxe1 h2 35. Qe5 h1=Q+ 36. Kb2 Qe4 0-1

[Event "6. OPEN International Ch of Vojvodina 20"]
[Site "Novi Sad"]
[Date "2015.07.29"]
[Round "7.6"]
[White "Nomin-Erdene, Davaademberel"]
[Black "Kadric, Denis"]
[Result "0-1"]
[WhiteElo "2303"]
[BlackElo "2511"]
[PlyCount "110"]
[EventDate "2015.07.25"]

1. e4 d6 2. d4 Nf6 3. Nc3 e5 4. Nf3 Nbd7 5. Bc4 Be7 6. O-O O-O 7. Re1 c6 8. a4
exd4 9. Qxd4 Ne5 10. Be2 Nfg4 11. Nxe5 dxe5 12. Qxd8 Rxd8 13. Nd1 Nf6 14. f3
Be6 15. Ne3 Bc5 16. Kf1 a5 17. Nc4 Nd7 18. Bg5 f6 19. Be3 Bxe3 20. Nxe3 Nb6 21.
Red1 Kf7 22. b3 Ke7 23. Kf2 g6 24. Bd3 Rf8 25. Re1 Rad8 26. Nd1 Rd4 27. Nb2
Rfd8 28. Ke3 f5 29. Red1 c5 30. Rab1 R4d6 31. h3 Kf6 32. Ke2 Rd4 33. Ke3 h5 34.
Ke2 h4 35. Ke3 Kg5 36. Rf1 c4 37. bxc4 Bxc4 38. Rfd1 Ba2 39. Ra1 Be6 40. c3
R4d6 41. Bb5 Rxd1 42. Rxd1 Rxd1 43. Nxd1 Bc4 44. Be8 Bb3 45. Nb2 Nc4+ 46. Nxc4
Bxc4 47. exf5 gxf5 48. f4+ exf4+ 49. Kf2 Kf6 50. Bd7 Ke5 51. Be8 Bd5 52. Bh5
Kd6 53. Bd1 Kc5 54. Bc2 Kc4 55. Bxf5 Kxc3 0-1

[Event "6. OPEN International Ch of Vojvodina 20"]
[Site "Novi Sad"]
[Date "2015.07.29"]
[Round "7.7"]
[White "Banas, Jan"]
[Black "Costachi, Mihnea"]
[Result "0-1"]
[WhiteElo "2279"]
[BlackElo "2360"]
[PlyCount "43"]
[EventDate "2015.07.25"]

1. Nf3 d5 2. d4 Nf6 3. c4 c6 4. Nbd2 a6 5. g3 h6 6. Bg2 Bf5 7. b3 e6 8. Bb2
Nbd7 9. O-O Be7 10. Ne5 O-O 11. Nxd7 Qxd7 12. e3 b5 13. cxd5 cxd5 14. Qe2 Rfc8
15. Rfc1 Qd8 16. a3 Qa5 17. b4 Qa4 18. Nf3 Qb3 19. Ne5 Bc2 20. a4 Qxb2 21. axb5
axb5 22. Nd3 0-1

[Event "6. OPEN International Ch of Vojvodina 20"]
[Site "Novi Sad"]
[Date "2015.07.29"]
[Round "7.8"]
[White "Desnica, Vladan"]
[Black "Maryasin, Boris"]
[Result "1-0"]
[WhiteElo "2253"]
[BlackElo "2332"]
[PlyCount "121"]
[EventDate "2015.07.25"]

1. d4 d5 2. Nf3 Nf6 3. c4 dxc4 4. e3 b5 5. a4 b4 6. Bxc4 e6 7. O-O Bb7 8. Qe2
Be7 9. Nbd2 O-O 10. a5 c5 11. a6 Bd5 12. Bxd5 Qxd5 13. e4 Qh5 14. dxc5 Nc6 15.
h3 Rac8 16. Nb3 Rfd8 17. Bf4 Bxc5 18. Nxc5 Qxc5 19. Rfc1 Nd4 20. Nxd4 Qxd4 21.
Rxc8 Rxc8 22. Rd1 Qb6 23. Be3 Qb8 24. f3 h6 25. Qd3 b3 26. Rc1 Rd8 27. Qc4 Qe5
28. Qxb3 Rd7 29. Rd1 Rc7 30. Qb8+ Kh7 31. Bxa7 Nd7 32. Rxd7 Rc1+ 33. Kf2 Rc2+
34. Kf1 Qg5 35. Bf2 Rc1+ 36. Be1 Qa5 37. b4 Qa1 38. Qg3 Qxa6+ 39. Kg1 Qa1 40.
Kf1 Qa6+ 41. Kf2 Qb6+ 42. Ke2 Rc2+ 43. Rd2 Qb5+ 44. Kf2 Qb6+ 45. Kf1 Rc1 46.
Rb2 Qd4 47. Qf2 Qc3 48. Qd2 Qc4+ 49. Kg1 Ra1 50. b5 Qc5+ 51. Kh2 Qe5+ 52. f4
Qxe4 53. Bf2 Ra3 54. Qc2 Rd3 55. Bg3 Qe3 56. Qf2 Qc1 57. b6 f5 58. Re2 Qc6 59.
Rc2 Qe4 60. Qe2 Qd5 61. Rb2 1-0

[Event "6. OPEN International Ch of Vojvodina 20"]
[Site "Novi Sad"]
[Date "2015.07.29"]
[Round "7.9"]
[White "Jovicic, Radosav"]
[Black "Besedes, Danilo"]
[Result "1-0"]
[WhiteElo "2207"]
[BlackElo "2307"]
[PlyCount "123"]
[EventDate "2015.07.25"]

1. d4 Nf6 2. Nf3 g6 3. c4 Bg7 4. Nc3 d5 5. cxd5 Nxd5 6. e3 O-O 7. Qb3 Nb6 8.
Be2 N8d7 9. h4 Nf6 10. h5 Nxh5 11. e4 Bg4 12. d5 c6 13. dxc6 bxc6 14. Bg5 Qc7
15. Rh4 Be6 16. Qc2 Nc4 17. Nd2 f6 18. Bxc4 Bxc4 19. Be3 Bf7 20. O-O-O g5 21.
Rhh1 Nf4 22. g3 Ng6 23. Nb3 Qc8 24. Nd4 e6 25. f4 h6 26. Rh2 Rd8 27. Rdh1 Qa6
28. f5 Nf8 29. e5 fxe5 30. f6 Bxf6 31. Rxh6 Bg7 32. Qh2 Ng6 33. Rh7 Qd3 34. Nc2
Qf5 35. Bc5 Nh4 36. Rxg7+ Kxg7 37. gxh4 Bg6 38. Ne3 Qf4 39. hxg5 Rh8 40. Qg2
Rxh1+ 41. Qxh1 Qxg5 42. Qxc6 Rd8 43. Qb7+ Kg8 44. b3 Qg1+ 45. Kb2 Qf2+ 46. Ka3
Qd2 47. Qe7 Qc1+ 48. Ka4 Be8+ 49. Kb4 a5+ 50. Kc4 Qd2 51. Qg5+ Kh7 52. Qh4+ Kg8
53. Qg4+ Kf7 54. Qf3+ Kg8 55. Qg2+ Qxg2 56. Nxg2 Rd2 57. Ne3 Bc6 58. a4 Kf7 59.
Bb6 Ke8 60. Bxa5 Kd7 61. Kc5 Rb2 62. Nc4 1-0

[Event "6. OPEN International Ch of Vojvodina 20"]
[Site "Novi Sad"]
[Date "2015.07.29"]
[Round "7.10"]
[White "Velikic, Adela"]
[Black "Leroy, Didier"]
[Result "1/2-1/2"]
[WhiteElo "2128"]
[BlackElo "2290"]
[PlyCount "137"]
[EventDate "2015.07.25"]

1. e4 e5 2. Nf3 Nc6 3. Bb5 a6 4. Bxc6 dxc6 5. O-O Ne7 6. Nxe5 Qd4 7. Nf3 Qxe4
8. Re1 Qg6 9. Ne5 Qf5 10. d4 Be6 11. Nc3 Ng6 12. g4 Qf6 13. Ne4 Qd8 14. Nxf7
Kxf7 15. Ng5+ Kg8 16. Nxe6 Qd7 17. Qd3 Re8 18. Qb3 Qf7 19. Bg5 h5 20. Nd8 Qxb3
21. axb3 Rxe1+ 22. Rxe1 hxg4 23. Re6 Rh5 24. Rxg6 Kh7 25. Re6 Rxg5 26. Nxb7 c5
27. Nxc5 Bxc5 28. dxc5 Rxc5 29. c4 a5 30. Re4 Rg5 31. Kg2 Kh6 32. Re6+ Rg6 33.
Re7 Rb6 34. Rxc7 Rxb3 35. Rc6+ g6 36. Rc5 Rxb2 37. Rxa5 Rc2 38. Rc5 Rc3 39. Rc8
Rc1 40. Kg3 Kh5 41. Rc5+ g5 42. Kg2 Kg6 43. Rc6+ Kf7 44. Rc7+ Kf6 45. Rc8 Kf7
46. c5 Kg7 47. c6 Kh7 48. h3 gxh3+ 49. Kxh3 Rc2 50. Kg3 Kg7 51. Kf3 g4+ 52. Ke3
Rc3+ 53. Kd4 Rc2 54. Kd5 Rxf2 55. Ra8 Rd2+ 56. Ke6 Rc2 57. Kd7 Rd2+ 58. Ke7 Rc2
59. Kd7 Rd2+ 60. Kc8 g3 61. Ra3 g2 62. Rg3+ Kf6 63. c7 Rc2 64. Rg8 Kf5 65. Kd7
Rd2+ 66. Ke7 Re2+ 67. Kd6 Rd2+ 68. Ke7 Re2+ 69. Kd6 1/2-1/2

[Event "6. OPEN International Ch of Vojvodina 20"]
[Site "Novi Sad"]
[Date "2015.07.29"]
[Round "7.11"]
[White "Popovic, Milan S"]
[Black "Mesaros, Florian"]
[Result "0-1"]
[WhiteElo "2211"]
[BlackElo "2390"]
[PlyCount "116"]
[EventDate "2015.07.25"]

1. e4 c5 2. Nf3 e6 3. b3 a6 4. c4 Nc6 5. Bb2 Nf6 6. e5 Ng4 7. h3 Nh6 8. Nc3 Nf5
9. Ne4 d5 10. exd6 Bxd6 11. g4 Nfd4 12. Bxd4 Nxd4 13. Nxd4 cxd4 14. Nxd6+ Qxd6
15. Bg2 h5 16. Qf3 Rb8 17. O-O-O Bd7 18. gxh5 b5 19. c5 Qxc5+ 20. Kb2 Qxh5 21.
Qf4 O-O 22. Qxd4 Rfd8 23. Qe3 Bc8 24. Bf3 Qh4 25. d4 Bb7 26. Bxb7 Rxb7 27. Rhg1
Rbd7 28. Rg4 Qf6 29. Rf4 Qe7 30. Rg1 g6 31. h4 Rd5 32. Rfg4 Kg7 33. Qg3 Qf6 34.
Rf4 Rf5 35. Rxf5 Qxf5 36. Rd1 Qf6 37. Kc3 Rd5 38. Rd3 Qe7 39. Kb2 Qf6 40. Kc3
a5 41. a3 Qe7 42. Kb2 b4 43. a4 Qf6 44. Kb1 Rxd4 45. Rxd4 Qxd4 46. Qc7 Qd1+ 47.
Kb2 Qd2+ 48. Kb1 Qe1+ 49. Kb2 Qxf2+ 50. Kb1 Qe1+ 51. Kb2 Qd2+ 52. Kb1 Qd5 53.
Kc1 e5 54. h5 gxh5 55. Qe7 Qh1+ 56. Kb2 Qg2+ 57. Kb1 Qf1+ 58. Kc2 Qf5+ 0-1

[Event "6. OPEN International Ch of Vojvodina 20"]
[Site "Novi Sad"]
[Date "2015.07.29"]
[Round "7.12"]
[White "Rogac, Srdjan"]
[Black "Mihalj, Miroslav M"]
[Result "1/2-1/2"]
[WhiteElo "2385"]
[BlackElo "2216"]
[PlyCount "128"]
[EventDate "2015.07.25"]

1. e4 e5 2. Nf3 Nf6 3. Nxe5 d6 4. Nf3 Nxe4 5. d4 d5 6. Bd3 Bd6 7. O-O O-O 8. c4
c6 9. cxd5 cxd5 10. Nc3 Nxc3 11. bxc3 Bg4 12. Rb1 b6 13. Kh1 h6 14. h3 Be6 15.
Ne5 Nd7 16. f4 Nf6 17. Qf3 Rc8 18. Bd2 Ne4 19. Be1 f6 20. Ng6 Re8 21. Rb3 Bf7
22. Qg4 Rc7 23. Bb5 Be6 24. Qh5 Bf7 25. Bxe8 Qxe8 26. f5 Kh7 27. Qg4 Qa4 28.
Qe2 Rc8 29. Nf4 Re8 30. Ne6 Qd7 31. Qg4 Bxe6 32. fxe6 Qxe6 33. Qxe6 Rxe6 34.
Rb5 Bg3 35. Kg1 Rd6 36. Bxg3 Nxg3 37. Re1 a6 38. Rb4 Ne4 39. c4 f5 40. cxd5 b5
41. a4 Rxd5 42. axb5 axb5 43. Rc1 Kg6 44. Rc6+ Kg5 45. Re6 Kf4 46. Rg6 h5 47.
Rxg7 Ke3 48. Rg8 Nc3 49. Rc8 Ne2+ 50. Kf1 Nxd4 51. Rb1 Kd2 52. Rcc1 b4 53. Kf2
b3 54. Rd1+ Kc3 55. Rbc1+ Kb4 56. Rd2 f4 57. Rd3 Rd6 58. Rb1 Kc5 59. Kf1 Rd5
60. Rc1+ Kb4 61. Kf2 Rd6 62. Rb1 Kc5 63. Rxd4 Kxd4 64. Rxb3 Ke4 1/2-1/2

[Event "6. OPEN International Ch of Vojvodina 20"]
[Site "Novi Sad"]
[Date "2015.07.29"]
[Round "7.13"]
[White "Zarkovic, Mila"]
[Black "Leskur, Dejan"]
[Result "1/2-1/2"]
[WhiteElo "2209"]
[BlackElo "2384"]
[PlyCount "112"]
[EventDate "2015.07.25"]

1. e4 g6 2. d4 Bg7 3. Nc3 d6 4. Be3 a6 5. Qd2 b5 6. f3 Bb7 7. Bd3 Nd7 8. a4 b4
9. Nce2 c5 10. Nh3 Ngf6 11. O-O cxd4 12. Nxd4 a5 13. Kh1 O-O 14. Bh6 Rc8 15.
Bxg7 Kxg7 16. Bb5 e5 17. Bxd7 Nxd7 18. Nb5 Nb6 19. Nxd6 Nc4 20. Nxc4 Rxc4 21.
Rad1 Qc7 22. Rf2 Bc8 23. b3 Rd4 24. Qc1 Bxh3 25. gxh3 Rfd8 26. Rxd4 Rxd4 27.
Qe3 Qd6 28. Kg2 h6 29. Re2 Rd1 30. Rf2 Qc6 31. Qe2 Qd7 32. Qe3 Qd6 33. Re2 g5
34. Kg3 Qf6 35. Kg2 Qd6 36. Kg3 Qd8 37. Kg2 h5 38. Qc5 f6 39. h4 g4 40. fxg4
Qd7 41. Qe3 Qxg4+ 42. Qg3 Qg6 43. Kf3 Kf7 44. Qxg6+ Kxg6 45. Rg2+ Kf7 46. Ke2
Rd4 47. Ke3 f5 48. exf5 Rxh4 49. Rg6 Rxh2 50. Ke4 Rxc2 51. Kxe5 Rc3 52. Ra6
Re3+ 53. Kf4 Rxb3 54. Rxa5 h4 55. Kg5 h3 56. Ra7+ Kg8 1/2-1/2

[Event "6. OPEN International Ch of Vojvodina 20"]
[Site "Novi Sad"]
[Date "2015.07.29"]
[Round "7.14"]
[White "Brinovec, Dusan"]
[Black "Mrkonjic, Nenad"]
[Result "1/2-1/2"]
[WhiteElo "2193"]
[BlackElo "2380"]
[PlyCount "136"]
[EventDate "2015.07.25"]

1. d4 Nf6 2. Nf3 e6 3. Bg5 c5 4. c3 b6 5. e4 h6 6. Bxf6 Qxf6 7. Bd3 cxd4 8. O-O
Nc6 9. cxd4 Nxd4 10. Nxd4 Qxd4 11. Nc3 Bc5 12. Qe2 Bb7 13. Rad1 Qe5 14. Kh1 g5
15. a3 Bxa3 16. f4 gxf4 17. bxa3 Qxc3 18. Rxf4 Bc6 19. Qf1 Rf8 20. Bb5 Rc8 21.
Rf3 Qe5 22. Bxc6 Rxc6 23. Qd3 Rc7 24. Rh3 Rg8 25. Qf3 Rg6 26. Rh5 Qf6 27. Qe2
Qf4 28. Rh3 Rc1 29. Rhd3 Rxd1+ 30. Rxd1 Rg4 31. Qc4 Qxe4 32. Qc8+ Ke7 33. Rxd7+
Kf6 34. Qh8+ Kg5 35. Qg7+ Qg6 36. Rxf7 Re4 37. h3 Qxg7 38. Rxg7+ Kf5 39. Rxa7
Re3 40. a4 e5 41. a5 b5 42. Rb7 Rb3 43. a6 Kf4 44. Kh2 e4 45. a7 Ra3 46. Rxb5
Rxa7 47. Rb3 Ra5 48. Kg1 h5 49. g3+ Ke5 50. Kf2 Kd4 51. Rb4+ Kd3 52. Rb3+ Kc4
53. Rb8 Ra3 54. Rc8+ Kd4 55. Rd8+ Ke5 56. Re8+ Kf5 57. Rf8+ Ke5 58. Re8+ Kf5
59. Rf8+ Kg5 60. Rg8+ Kf6 61. h4 Rf3+ 62. Ke2 Kf7 63. Rg5 Kf6 64. Rxh5 Rxg3 65.
Rb5 Rh3 66. h5 Ke6 67. Ra5 Kf6 68. Rb5 Ke6 1/2-1/2

[Event "6. OPEN International Ch of Vojvodina 20"]
[Site "Novi Sad"]
[Date "2015.07.29"]
[Round "7.15"]
[White "Remecki, Sinisa"]
[Black "Pantelic, Sasa"]
[Result "0-1"]
[WhiteElo "2173"]
[BlackElo "2324"]
[PlyCount "120"]
[EventDate "2015.07.25"]

1. e4 c5 2. Nf3 d6 3. Bb5+ Bd7 4. Bxd7+ Nxd7 5. O-O Ngf6 6. Re1 e6 7. c3 Be7 8.
d4 cxd4 9. cxd4 d5 10. e5 Ne4 11. Nbd2 Nxd2 12. Bxd2 Qb6 13. Qa4 Qc6 14. Qb3
Qb6 15. Qa4 Qc6 16. Qb3 Nb6 17. Rac1 Nc4 18. Bb4 Qd7 19. Bxe7 Qxe7 20. Qb5+ Qd7
21. Qb4 a5 22. Qc3 b5 23. b3 b4 24. Qc2 Na3 25. Qc5 Nb5 26. Rc2 Nc3 27. a3 Ne4
28. Qc7 Qxc7 29. Rxc7 O-O 30. a4 Rac8 31. Rec1 Nc3 32. Rxc8 Rxc8 33. Kf1 Kf8
34. Nd2 Rb8 35. f4 Ke7 36. Kf2 f6 37. Ke3 h6 38. h4 h5 39. Nf3 Kf7 40. Ng1 Kg6
41. exf6 gxf6 42. Kf3 Kf5 43. g3 Rg8 44. Re1 Ne4 45. Ne2 Rc8 46. Rc1 Nc3 47.
Rc2 Rc7 48. Rc1 Rc6 49. Rc2 Nxe2 50. Rxe2 Rc3+ 51. Re3 Rxe3+ 52. Kxe3 e5 53.
dxe5 fxe5 54. fxe5 Kxe5 55. Kf3 Kf5 56. Ke3 Kg4 57. Kd4 Kxg3 58. Kxd5 Kxh4 59.
Kc5 Kg4 60. Kb5 h4 0-1

[Event "6. OPEN International Ch of Vojvodina 20"]
[Site "Novi Sad"]
[Date "2015.07.29"]
[Round "7.16"]
[White "Titov, Ivan"]
[Black "Marholev, Dimitar"]
[Result "1-0"]
[WhiteElo "2172"]
[BlackElo "2317"]
[PlyCount "59"]
[EventDate "2015.07.25"]

1. d4 Nf6 2. c4 g6 3. Nc3 Bg7 4. e4 d6 5. f4 O-O 6. Nf3 c5 7. d5 e6 8. Be2 exd5
9. cxd5 Bg4 10. O-O Re8 11. h3 Bxf3 12. Bxf3 Na6 13. e5 dxe5 14. fxe5 Rxe5 15.
Bf4 Re8 16. d6 Qd7 17. Qb3 Nb4 18. Rad1 Rab8 19. Bg5 Kh8 20. Bxf6 Bxf6 21. Bg4
Qd8 22. d7 Rf8 23. Ne4 Bg7 24. Rxf7 Qb6 25. Qg3 c4+ 26. Kh1 Nd3 27. Rdf1 Rbd8
28. Ng5 Rg8 29. Qh4 h5 30. Bxh5 1-0

[Event "6. OPEN International Ch of Vojvodina 20"]
[Site "Novi Sad"]
[Date "2015.07.29"]
[Round "7.17"]
[White "Stojanovic, Andjelija"]
[Black "Dimitrijevic, Nenad"]
[Result "1-0"]
[WhiteElo "2313"]
[BlackElo "2216"]
[PlyCount "99"]
[EventDate "2015.07.25"]

1. e4 c5 2. Nf3 e6 3. b3 Nc6 4. Bb2 a6 5. c4 d6 6. d4 cxd4 7. Nxd4 Qc7 8. Nc3
Nf6 9. Be2 Be7 10. O-O O-O 11. Rc1 Ne5 12. f4 Ng6 13. g3 Re8 14. Bf3 Bf8 15.
Nc2 Rb8 16. h4 b5 17. h5 Ne7 18. cxb5 axb5 19. Nd4 Qa7 20. Kh2 Ba6 21. b4 e5
22. Nb3 Red8 23. Na5 Rbc8 24. Qe2 Qb6 25. Rfd1 Nc6 26. Nxc6 Rxc6 27. Nd5 Nxd5
28. Rxc6 Qxc6 29. exd5 Qb6 30. fxe5 dxe5 31. Qxe5 Bb7 32. Bd4 Qa6 33. Rd2 f6
34. Qf5 Bc8 35. Qb1 Qa3 36. Rd3 Qa4 37. Qb3 Bf5 38. Qxa4 bxa4 39. Ra3 Bxb4 40.
Rxa4 Bd6 41. Ra6 Bd3 42. Rc6 Bb5 43. Rb6 Ba4 44. h6 Bc2 45. Rb7 Bf8 46. hxg7
Bxg7 47. Bg4 Ra8 48. Be6+ Kh8 49. d6 Be4 50. Rc7 1-0

[Event "6. OPEN International Ch of Vojvodina 20"]
[Site "Novi Sad"]
[Date "2015.07.29"]
[Round "7.18"]
[White "Mikheev, Stanislav"]
[Black "Tisma, Ivan"]
[Result "1/2-1/2"]
[WhiteElo "2303"]
[BlackElo "2206"]
[PlyCount "91"]
[EventDate "2015.07.25"]

1. d4 d6 2. Nf3 g6 3. c4 c5 4. d5 Bg7 5. e4 e6 6. Be2 Ne7 7. O-O O-O 8. Nc3 a6
9. Be3 exd5 10. Nxd5 Be6 11. Bg5 Bxd5 12. exd5 Qc7 13. Qd2 Nf5 14. Bd3 Nd4 15.
Nxd4 Bxd4 16. Rae1 Nd7 17. Re7 Rae8 18. Rfe1 Qc8 19. Bc2 Ne5 20. b3 Ng4 21. Bh4
Rxe7 22. Rxe7 Re8 23. Qe2 Rxe7 24. Qxe7 Qf8 25. h3 Bxf2+ 26. Kf1 Bxh4 27. Qxf8+
Kxf8 28. hxg4 Ke7 29. Ke2 Kf6 30. Ke3 Bg5+ 31. Ke4 Bd2 32. Bd1 Kg5 33. Be2 h6
34. Bd1 b6 35. Be2 f5+ 36. gxf5 gxf5+ 37. Kf3 Kf6 38. Bd3 Ke5 39. a4 f4 40. Bg6
Kd4 41. Bf5 Kc3 42. Bc8 Kxb3 43. Bxa6 Kxa4 44. g3 fxg3 45. Kxg3 Ka5 46. Bb5
1/2-1/2

[Event "6. OPEN International Ch of Vojvodina 20"]
[Site "Novi Sad"]
[Date "2015.07.29"]
[Round "7.19"]
[White "Nikolovski, Nikola"]
[Black "Jocev, Milan"]
[Result "1-0"]
[WhiteElo "2293"]
[BlackElo "2200"]
[PlyCount "53"]
[EventDate "2015.07.25"]

1. e4 e5 2. Nf3 Nf6 3. Nxe5 d6 4. Nf3 Nxe4 5. Nc3 Nf6 6. d4 d5 7. Bd3 Bg4 8.
Be3 c6 9. Qe2 Nbd7 10. O-O-O Qe7 11. h3 Bxf3 12. Qxf3 O-O-O 13. Bf4 Re8 14. Bh2
Qd8 15. Bf5 g6 16. Bxd7+ Nxd7 17. Nxd5 Qg5+ 18. Ne3 Be7 19. Kb1 Bd8 20. a3 Bc7
21. Bxc7 Kxc7 22. d5 Ne5 23. Qe4 Qf6 24. dxc6 Qxc6 25. Rd5 f5 26. Qd4 Nd7 27.
Rd1 1-0

[Event "6. OPEN International Ch of Vojvodina 20"]
[Site "Novi Sad"]
[Date "2015.07.29"]
[Round "7.21"]
[White "Kumic, Filip"]
[Black "Stikovic, Dobrica"]
[Result "1/2-1/2"]
[WhiteElo "2253"]
[BlackElo "2194"]
[PlyCount "50"]
[EventDate "2015.07.25"]

1. Nf3 d5 2. c4 e6 3. d4 Be7 4. g3 Nf6 5. Bg2 O-O 6. O-O Nbd7 7. Qc2 c5 8. cxd5
exd5 9. Nc3 Re8 10. Rd1 c4 11. Ne5 Nb6 12. b3 cxb3 13. axb3 a6 14. Ba3 Be6 15.
Qb2 Rc8 16. Bxe7 Rxe7 17. Nd3 Bf5 18. Nc5 Ne4 19. Rac1 Qe8 20. e3 Rec7 21.
N3xe4 dxe4 22. Re1 Nd5 23. Qd2 h6 24. f3 Nf6 25. fxe4 Nxe4 1/2-1/2

[Event "6. OPEN International Ch of Vojvodina 20"]
[Site "Novi Sad"]
[Date "2015.07.29"]
[Round "7.22"]
[White "Tuturin, Sergey"]
[Black "Michalicka, Milan"]
[Result "1-0"]
[WhiteElo "2242"]
[BlackElo "2187"]
[PlyCount "53"]
[EventDate "2015.07.25"]

1. e4 c5 2. Nc3 g6 3. Nf3 Bg7 4. d4 cxd4 5. Nxd4 Nc6 6. Be3 Nf6 7. Bc4 O-O 8.
Bb3 a5 9. O-O a4 10. Nxa4 Nxe4 11. c4 d6 12. Re1 Na5 13. Nb5 Bf5 14. g4 Nxb3
15. axb3 Rxa4 16. bxa4 Be6 17. Bd4 Bxd4 18. Nxd4 Nc5 19. b4 Na6 20. Rxe6 fxe6
21. Nxe6 Qc8 22. Nxf8 Kxf8 23. Qd4 Kg8 24. Re1 e5 25. Qd5+ Kg7 26. h3 Qc7 27.
Rd1 1-0

[Event "6. OPEN International Ch of Vojvodina 20"]
[Site "Novi Sad"]
[Date "2015.07.29"]
[Round "7.23"]
[White "Ovchinnikov, Vsevolod"]
[Black "Ilijc, Milan"]
[Result "1-0"]
[WhiteElo "2231"]
[BlackElo "2181"]
[PlyCount "181"]
[EventDate "2015.07.25"]

1. d4 Nf6 2. c4 g6 3. Nc3 Bg7 4. e4 d6 5. Nf3 O-O 6. h3 c6 7. Be2 Nbd7 8. Be3
e5 9. d5 cxd5 10. cxd5 Nc5 11. Nd2 Ne8 12. b4 Nd7 13. g4 a5 14. a3 f5 15. gxf5
gxf5 16. exf5 Nef6 17. Rg1 Kh8 18. Nc4 axb4 19. axb4 Rxa1 20. Qxa1 Qe7 21. Qc1
e4 22. Bd4 Rg8 23. Qf4 Ne5 24. Nxe5 dxe5 25. Qxe5 Qxe5 26. Bxe5 Bxf5 27. Rg3
Re8 28. Bd4 Rd8 29. Rg5 Bg6 30. h4 Rd7 31. Be5 Re7 32. Nb5 Be8 33. Nd6 h6 34.
Rf5 Ng8 35. Bxg7+ Kxg7 36. Rf4 Bg6 37. h5 Bh7 38. Rg4+ Kf8 39. Nc4 Nf6 40. Rf4
Kg7 41. d6 Rd7 42. Bg4 Rd8 43. Be6 b5 44. Ne3 Rxd6 45. Bf5 Ra6 46. Bxh7 Kxh7
47. Rf5 Ra1+ 48. Ke2 Ra2+ 49. Kf1 Kg7 50. Rxb5 Kf7 51. Re5 Rb2 52. b5 Nd7 53.
Rd5 Ke6 54. Rd4 Nf6 55. Nc4 Rxb5 56. Rd6+ Ke7 57. Ra6 Rxh5 58. Ke2 Rc5 59. Nd2
h5 60. Rxf6 Re5 61. Rf4 Ra5 62. Nxe4 Ke6 63. Ng3 Ra2+ 64. Kf3 Ra3+ 65. Kg2 Ra5
66. Rh4 Kf6 67. Rxh5 Ra3 68. Rf5+ Kg6 69. Re5 Kf6 70. f4 Rb3 71. Kh3 Rb8 72.
Kg4 Rg8+ 73. Kf3 Ra8 74. Rc5 Ra6 75. Kg4 Rb6 76. Ne4+ Kg6 77. f5+ Kh6 78. Re5
Rb1 79. Re6+ Kg7 80. Rg6+ Kf7 81. Ng5+ Ke7 82. Re6+ Kf8 83. Kh5 Kg7 84. f6+ Kf8
85. Ra6 Rb8 86. Kg6 Rc8 87. Ra7 Rb8 88. Ne6+ Kg8 89. Rg7+ Kh8 90. Rh7+ Kg8 91.
f7# 1-0

[Event "6. OPEN International Ch of Vojvodina 20"]
[Site "Novi Sad"]
[Date "2015.07.29"]
[Round "7.24"]
[White "Ujhazi, Ivan"]
[Black "Dronjic, Sinisa"]
[Result "1/2-1/2"]
[WhiteElo "2231"]
[BlackElo "2170"]
[PlyCount "50"]
[EventDate "2015.07.25"]

1. e4 c5 2. Nf3 e6 3. Qe2 Nf6 4. g3 Be7 5. Bg2 d6 6. O-O O-O 7. c3 b6 8. d3 Bb7
9. Re1 c4 10. Nbd2 cxd3 11. Qxd3 Nbd7 12. Nd4 Rc8 13. Qe2 Qc7 14. N2b3 Rfd8 15.
f3 Ne5 16. Be3 d5 17. f4 Nc4 18. e5 Ne4 19. Rad1 Nxe3 20. Qxe3 g6 21. Nd2 Nxd2
22. Qxd2 Ba6 23. Bf3 Bc4 24. a3 a5 25. Kg2 Ba6 1/2-1/2

[Event "6. OPEN International Ch of Vojvodina 20"]
[Site "Novi Sad"]
[Date "2015.07.29"]
[Round "7.25"]
[White "Ileana, George"]
[Black "Tsiros, Fragkiskos Vlasios"]
[Result "1-0"]
[WhiteElo "2132"]
[BlackElo "2228"]
[PlyCount "95"]
[EventDate "2015.07.25"]

1. e4 e5 2. Nf3 Nc6 3. Bb5 a6 4. Ba4 Nf6 5. d3 d6 6. c3 g6 7. O-O Bg7 8. Nbd2
O-O 9. Re1 Re8 10. Nf1 h6 11. Ng3 b5 12. Bc2 d5 13. h3 d4 14. Bd2 Qd6 15. Ne2
dxc3 16. bxc3 Bb7 17. Be3 Rad8 18. Nd2 b4 19. Rb1 Ba8 20. Nb3 Nd7 21. Qd2 Kh7
22. Red1 Rb8 23. Rbc1 a5 24. cxb4 Nxb4 25. Bb1 Bc6 26. Nxa5 Ba4 27. Nc4 Qe7 28.
Re1 Bb5 29. a3 Na6 30. Ba2 Nac5 31. Nc3 c6 32. Nxb5 cxb5 33. Na5 Rbc8 34. Bd5
Ne6 35. Qb4 Bf8 36. Qxe7 Bxe7 37. Bc6 Ndc5 38. Bxe8 Rxe8 39. Rc3 Nd4 40. Nc6
Na4 41. Bxd4 exd4 42. Rb3 Nc5 43. Rxb5 Nxd3 44. Rd1 Nf4 45. Rb7 Bg5 46. h4 Ne2+
47. Kf1 Nc3 48. Rxd4 1-0

[Event "6. OPEN International Ch of Vojvodina 20"]
[Site "Novi Sad"]
[Date "2015.07.29"]
[Round "7.26"]
[White "Bernard, Jacques"]
[Black "Cica, Dragan"]
[Result "0-1"]
[WhiteElo "2227"]
[BlackElo "2151"]
[PlyCount "54"]
[EventDate "2015.07.25"]

1. e4 c5 2. Nf3 d6 3. d4 cxd4 4. Nxd4 Nf6 5. Nc3 a6 6. Bg5 Nbd7 7. Qe2 Qc7 8.
O-O-O b5 9. f4 Bb7 10. Bxf6 gxf6 11. Qh5 Qc5 12. Nd5 Bxd5 13. exd5 Rc8 14. Be2
f5 15. Qxf5 Bg7 16. Bg4 Rc7 17. Nc6 Nb6 18. Rhe1 O-O 19. Nxe7+ Kh8 20. Bf3 Qb4
21. Re5 Nc4 22. Rd3 Qxb2+ 23. Kd1 Qb1+ 24. Ke2 Nxe5 25. fxe5 Rxc2+ 26. Ke3 Bh6+
27. Ke4 Rc4# 0-1